Online Catalogue and eLibrary

Vidivelli poothathu (Record no. 4128)

MARC details
000 -LEADER
fixed length control field 00358nam a2200145Ia 4500
005 - DATE AND TIME OF LATEST TRANSACTION
control field 20250404030230.0
008 - FIXED-LENGTH DATA ELEMENTS--GENERAL INFORMATION
fixed length control field 240331s9999 xx 000 0 und d
082 ## - DDC Classification
Item Number - Author Mark SOM
Class No. 894
100 ## - MAIN ENTRY--PERSONAL NAME
Personal name Somakanthan,
245 #0 - TITLE STATEMENT
Title Vidivelli poothathu
260 ## - PUBLICATION, DISTRIBUTION, ETC.
Place of publication, distribution, etc. Vadapalani
Name of publisher, distributor, etc. Kumaran Publishers
Date of publication, distribution, etc. 1993
300 ## - PHYSICAL DESCRIPTION
Extent (e.g. Volumes, Pages etc.) 158 p .,
500 ## - GENERAL NOTE
General note A Tamil Social Novel
942 ## - Koha item type (Biblio)
Koha item type Books in Stacks (Lending)
Holdings
Lost status Damaged status Collection code Home library Current library Shelving location Date acquired Full call number Accession Number Item type
    Lending WERC Library WERC Library Social Science Cupboard 03/31/2024 894.811 SOM 3943 Books in Stacks (Lending)

© WERC Library